[Event "Mittelrhein Verbandsliga-W 18/19"]
[Site "Nordrheinwestfalen"]
[Date "2019.03.10"]
[Round "8.8"]
[White "Diel, Alexander"]
[Black "Pyta, Lorenz"]
[Result "0-1"]
[WhiteElo "1726"]
[BlackElo "1916"]
[PlyCount "100"]
[EventDate "2018.09.02"]
[EventType "team-tourn"]
[EventRounds "11"]
[EventCountry "GER"]
[SourceTitle "EXT 2022"]
[Source "ChessBase"]
[SourceDate "2021.10.06"]
[SourceVersion "1"]
[SourceVersionDate "2021.10.06"]
[SourceQuality "1"]
[WhiteTeam "Lendersdorf"]
[BlackTeam "Aachen PTSV"]
[WhiteTeamCountry "GER"]
[BlackTeamCountry "GER"]

1. b4 Nf6 2. Bb2 d6 3. c4 g6 4. e3 e5 5. Nc3 Bg7 6. Qb3 0-0 7. Nf3 Nc6 8. b5 Ne7 9. Be2 Nd7 10. Ne4 f5 11. c5+ d5 12. Neg5 Nxc5 13. Qb4 Qd6 14. 0-0 h6 15. d4 exd4 16. exd4 Ne4 17. Qxd6 Nxd6 18. Nh3 g5 19. Ne5 Bxe5 20. dxe5 Nc4 21. Bxc4 dxc4 22. f4 g4 23. Nf2 c6 24. Ba3 Kf7 25. bxc6 b5 26. c7 a5 27. Bc5 Be6 28. Rfd1 Rfc8 29. Rd6 Rxc7 30. Bb6 Rc6 31. a3 Rxd6 32. exd6 Nd5 33. Bc5 Rc8 34. Bd4 Nxf4 35. Be3 Nd5 36. Bxh6 Rd8 37. Bd2 c3 38. Be1 Nf4 39. Nd1 c2 40. Nc3 Rxd6 41. g3 Nh3+ 42. Kg2 Bd5+ 43. Kf1 Bc4+ 44. Kg2 b4 45. axb4 axb4 46. Rc1 Re6 47. Bf2 bxc3 48. Rxc2 Re2 49. Rxe2 Bxe2 50. Be3 Ke6 0-1